[Event "Titled Tuesday intern op 29th Nov Early"]
[Site "Chess.com INT"]
[Date "2022.11.29"]
[Round "5"]
[White "Krutko, Anatoly"]
[Black "Clawitter, Craig"]
[Result "0-1"]
[WhiteElo "2397"]
[BlackElo "2050"]
[PlyCount "124"]
[EventDate "2022.11.29"]
[EventType "swiss (blitz)"]
[EventRounds "11"]
[EventCountry "USA"]
[SourceTitle "EXT 2024"]
[Source "ChessBase"]
[SourceDate "2023.10.10"]
[SourceVersion "1"]
[SourceVersionDate "2023.10.10"]
[SourceQuality "1"]

1. e4 e6 2. Nc3 d5 3. Qe2 dxe4 4. Nxe4 Nf6 5. b3 Nxe4 6. Qxe4 Nd7 7. Bb2 Nf6 8. Qe2 Be7 9. 0-0-0 Bd7 10. g4 Bc6 11. Nf3 Qd5 12. Bg2 Qa5 13. Kb1 0-0-0 14. g5 Ne4 15. c3 Nxg5 16. Nxg5 Bxg2 17. Nxf7 Qf5+ 18. Ka1 Qxf7 19. Rhg1 Bf3 20. Qe3 Bxd1 21. Qxa7 Bf3 22. d4 b6 23. c4 Bb7 24. d5 Bf6 25. Qa3 exd5 26. c5 Qe7 27. Rc1 Rhf8 28. Kb1 Bxb2 29. Qxb2 bxc5 30. a4 Qe4+ 31. Ka2 Qd4 32. Qxd4 cxd4 33. Rc2 d3 34. Rd2 Rde8 35. Ka3 Re2 36. Rxd3 Rfxf2 37. Kb4 Rxh2 38. Rf3 Re4+ 39. Ka5 Re6 40. Rf8+ Kd7 41. Rf7+ Re7 42. Rf4 g5 43. Rf5 h6 44. Rf6 Rh4 45. b4 Re6 46. Rf7+ Kd6 47. b5 Re7 48. Rf6+ Kd7 49. b6 cxb6+ 50. Kb5 Bc6+ 51. Kxb6 Rb4+ 52. Kc5 Rc4+ 53. Kb6 Rxa4 54. Kc5 Rc4+ 55. Kb6 Re1 56. Rf7+ Kd6 57. Rf6+ Ke5 58. Rxh6 Rb1+ 59. Kc7 Be8+ 60. Kd8 Rb8+ 61. Ke7 Rc7+ 62. Kf8 Ba4# 0-1

[Event "Titled Tuesday intern op 22nd Feb Early"]
[Site "Chess.com INT"]
[Date "2022.02.22"]
[Round "1"]
[White "Andreikin, Dmitry"]
[Black "Krutko, Anatoly"]
[Result "1-0"]
[WhiteElo "2724"]
[BlackElo "2397"]
[PlyCount "41"]
[EventDate "2022.02.22"]
[EventType "swiss (blitz)"]
[EventRounds "11"]
[EventCountry "USA"]
[SourceTitle "CBM 207 Extra"]
[Source "ChessBase"]
[SourceDate "2022.05.31"]
[SourceVersion "1"]
[SourceVersionDate "2022.05.31"]
[SourceQuality "1"]

1. d4 Nf6 2. c4 g6 3. Nc3 Bg7 4. e4 d6 5. Be2 0-0 6. Be3 Na6 7. h3 c5 8. d5 e6 9. Nf3 exd5 10. exd5 Re8 11. 0-0 Ne4 12. Nxe4 Rxe4 13. Qd2 Nc7 14. Bd3 Re8 15. Rae1 Bd7 16. Bg5 Qc8 17. Be7 Rxe7 18. Rxe7 b5 19. Qf4 f5 20. Qxd6 bxc4 21. Bxc4 1-0

[Event "Titled Tuesday intern op 18th Jan"]
[Site "Chess.com INT"]
[Date "2022.01.18"]
[Round "1"]
[White "Bongo Akanga Ndjila, Barthelemy"]
[Black "Krutko, Anatoly"]
[Result "0-1"]
[WhiteElo "1803"]
[BlackElo "2397"]
[PlyCount "150"]
[EventDate "2022.01.18"]
[EventType "swiss (blitz)"]
[EventRounds "11"]
[EventCountry "USA"]
[SourceTitle "CBM 206 Extra"]
[Source "ChessBase"]
[SourceDate "2022.03.31"]
[SourceVersion "1"]
[SourceVersionDate "2022.03.31"]
[SourceQuality "1"]

1. d4 Nf6 2. c4 e6 3. Nc3 d5 4. cxd5 exd5 5. Bg5 Nbd7 6. e3 h6 7. Bh4 Be7 8. Bd3 0-0 9. Qc2 Re8 10. Nge2 Nf8 11. 0-0 c6 12. Bxf6 Bxf6 13. b4 Ne6 14. Na4 Ng5 15. Rab1 a6 16. Nc5 Qd6 17. a4 b5 18. a5 Bg4 19. Ng3 h5 20. Nf5 Qc7 21. h3 Bxf5 22. Bxf5 Be7 23. Nd3 g6 24. h4 gxf5 25. hxg5 Bxg5 26. Ne5 Bf6 27. Qxc6 Bxe5 28. Qxd5 Bg7 29. Qxf5 Qe7 30. Qxh5 Qf6 31. Rfc1 Rac8 32. Rc5 Bf8 33. Rf5 Qe6 34. Rg5+ Bg7 35. Rf1 Qe4 36. Rg4 Qh7 37. Qg5 Rc6 38. Qf4 Rh6 39. f3 Ree6 40. Rc1 Qd3 41. Rc8+ Kh7 42. Rc1 Qxe3+ 43. Qxe3 Rxe3 44. Rd1 Rb3 45. d5 Rd6 46. Kh2 Rb2 47. Kg3 Kg8 48. Re1 Kf8 49. Rc1 Rd2 50. Rc8+ Ke7 51. Rc7+ Kf6 52. Rf4+ Kg6 53. Rfxf7 Be5+ 54. f4 Rd3+ 55. Kh2 Bb2 56. Rc6 R3xd5 57. Rxd6+ Rxd6 58. Rb7 Kf5 59. Rh7 Kxf4 60. Rh4+ Kg5 61. Re4 Kf5 62. Re2 Be5+ 63. g3 Rd4 64. Rf2+ Ke4 65. Re2+ Kd5 66. Rf2 Rxb4 67. Rf5 Ke4 68. Rf7 Rb2+ 69. Kh3 b4 70. Ra7 b3 71. Rxa6 Rb1 72. Rb6 b2 73. a6 Ra1 74. Rb4+ Bd4 75. Rb3 b1Q 0-1

[Event "Titled Tuesday intern op 14th Dec"]
[Site "Chess.com INT"]
[Date "2021.12.14"]
[Round "6"]
[White "Dobrov, Vladimir"]
[Black "Krutko, Anatoly"]
[Result "1-0"]
[WhiteElo "2478"]
[BlackElo "2397"]
[PlyCount "89"]
[EventDate "2021.12.14"]
[EventType "swiss (blitz)"]
[EventRounds "11"]
[EventCountry "USA"]
[SourceTitle "EXT 2023"]
[Source "ChessBase"]
[SourceDate "2022.10.05"]
[SourceVersion "1"]
[SourceVersionDate "2022.10.05"]
[SourceQuality "1"]

1. d4 Nf6 2. c4 e6 3. Nf3 d5 4. Nc3 Bb4 5. Qa4+ Nc6 6. a3 Bxc3+ 7. bxc3 0-0 8. e3 Bd7 9. Qc2 Ne4 10. Bd3 f5 11. cxd5 exd5 12. c4 Ne7 13. Ne5 c6 14. f3 Nd6 15. a4 Be6 16. Ba3 f4 17. Bxh7+ Kh8 18. cxd5 cxd5 19. exf4 Rc8 20. Qb1 Rc3 21. 0-0 Rxf4 22. Bb4 Rc7 23. Ng6+ Nxg6 24. Qxg6 Rf6 25. Qd3 Rh6 26. Bg6 Nc4 27. Bf5 Bxf5 28. Qxf5 Ne3 29. Qe5 Nxf1 30. Rxf1 Rf7 31. Bd2 Rhf6 32. Bg5 Qf8 33. Bxf6 Rxf6 34. Qxd5 Rd6 35. Qxb7 Qf4 36. Qxa7 Qe3+ 37. Kh1 Rxd4 38. a5 Qe2 39. Qxd4 Qxf1+ 40. Qg1 Qe2 41. Qa1 Qa6 42. h3 Kh7 43. Qb1+ Kh6 44. Qb6+ g6 45. Qxa6 1-0

[Event "Titled Tuesday intern op 14th Dec"]
[Site "Chess.com INT"]
[Date "2021.12.14"]
[Round "4"]
[White "Krutko, Anatoly"]
[Black "Efimenko, Zahar"]
[Result "1-0"]
[WhiteElo "2397"]
[BlackElo "2597"]
[PlyCount "85"]
[EventDate "2021.12.14"]
[EventType "swiss (blitz)"]
[EventRounds "11"]
[EventCountry "USA"]
[SourceTitle "EXT 2023"]
[Source "ChessBase"]
[SourceDate "2022.10.05"]
[SourceVersion "1"]
[SourceVersionDate "2022.10.05"]
[SourceQuality "1"]

1. d4 Nf6 2. g4 Nxg4 3. e4 d6 4. Nc3 g6 5. h4 h5 6. Nf3 Bg7 7. Ng5 Nc6 8. d5 Nd4 9. f3 Ne5 10. Be3 c5 11. dxc6 Nexc6 12. Bc4 0-0 13. Rg1 e6 14. Rg3 Bd7 15. Qd2 Qa5 16. 0-0-0 b5 17. Bb3 b4 18. Na4 Rac8 19. Kb1 Nxb3 20. axb3 Ne5 21. f4 Ng4 22. Bd4 e5 23. fxe5 Nxe5 24. Qg2 Bg4 25. Rf1 Rc7 26. c4 bxc3 27. Bxc3 Qb5 28. Ka2 Rb8 29. Bd4 Qxb3+ 30. Rxb3 Rxb3 31. Kxb3 Rb7+ 32. Ka2 f6 33. Nc3 fxg5 34. hxg5 Be6+ 35. Nd5 Rb5 36. Rf6 Bxf6 37. gxf6 Kf7 38. Bxe5 dxe5 39. Qd2 Rb7 40. Qh6 Bxd5+ 41. exd5 Kxf6 42. Qh8+ Kf5 43. Qc8+ 1-0

[Event "Titled Tuesday intern op 14th Dec"]
[Site "Chess.com INT"]
[Date "2021.12.14"]
[Round "1"]
[White "Seifert, Henryk"]
[Black "Krutko, Anatoly"]
[Result "0-1"]
[WhiteElo "2148"]
[BlackElo "2397"]
[PlyCount "114"]
[EventDate "2021.12.14"]
[EventType "swiss (blitz)"]
[EventRounds "11"]
[EventCountry "USA"]
[SourceTitle "EXT 2023"]
[Source "ChessBase"]
[SourceDate "2022.10.05"]
[SourceVersion "1"]
[SourceVersionDate "2022.10.05"]
[SourceQuality "1"]

1. e4 e5 2. Nf3 Nc6 3. Nc3 Nf6 4. Bb5 Nd4 5. Bc4 Nxf3+ 6. Qxf3 Bc5 7. d3 0-0 8. 0-0 Be7 9. h3 d6 10. Be3 a6 11. a4 c5 12. Nd5 Nd7 13. Nxe7+ Qxe7 14. Qg3 Kh8 15. f4 Rb8 16. a5 exf4 17. Bxf4 Ne5 18. b3 Bd7 19. Kh2 Bc6 20. Rf2 Rbd8 21. Raf1 f6 22. Bxe5 dxe5 23. Rf5 Be8 24. Qe1 Bg6 25. R5f3 Qc7 26. Rg3 Bf7 27. Rf5 Bxc4 28. bxc4 g6 29. Rf2 Kg7 30. Rgf3 Rd6 31. h4 h5 32. Rg3 Kh7 33. Qe2 Qf7 34. Rgf3 Qc7 35. Qd2 Kg7 36. g3 Qd7 37. Rg2 Qg4 38. Rff2 Rd7 39. Qe2 Rdf7 40. Qxg4 hxg4 41. c3 Kh6 42. Rb2 f5 43. Rge2 f4 44. Rf2 f3 45. Rb6 Kh5 46. Kg1 g5 47. hxg5 Kxg5 48. Rh2 Rg8 49. Rbh6 Rg6 50. R2h5+ Kf6 51. Rf5+ Kg7 52. Rxf7+ Kxf7 53. Rh5 Ke6 54. Rh7 Rg8 55. Rxb7 Rd8 56. Rb6+ Ke7 57. Rxa6 Rxd3 0-1

[Event "Titled Tuesday intern op 07th Dec"]
[Site "Chess.com INT"]
[Date "2021.12.07"]
[Round "2"]
[White "Fabris, Alberto"]
[Black "Krutko, Anatoly"]
[Result "0-1"]
[WhiteElo "2230"]
[BlackElo "2397"]
[PlyCount "118"]
[EventDate "2021.12.07"]
[EventType "swiss (blitz)"]
[EventRounds "11"]
[EventCountry "USA"]
[SourceTitle "CBM 205 Extra"]
[Source "ChessBase"]
[SourceDate "2022.01.31"]
[SourceVersion "1"]
[SourceVersionDate "2022.01.31"]
[SourceQuality "1"]

1. e4 c6 2. d4 d5 3. e5 c5 4. dxc5 Nc6 5. Nf3 Bf5 6. c3 a5 7. Bb5 e6 8. Be3 f6 9. 0-0 Nge7 10. Re1 Ng6 11. exf6 Qxf6 12. Bg5 Qf7 13. Qxd5 Rc8 14. Nbd2 Be7 15. Qc4 0-0 16. Qe2 Bxc5 17. Be3 Bd6 18. Nc4 Bb8 19. Bxc6 bxc6 20. Nd4 Qc7 21. g3 Nh4 22. Bf4 Qf7 23. Bxb8 Rxb8 24. Nd6 Qd7 25. N6xf5 Nxf5 26. Qxe6+ Qxe6 27. Nxe6 Rf6 28. b3 a4 29. b4 Nd6 30. Nd4 Nc4 31. Re7 h5 32. Rae1 h4 33. Kg2 c5 34. bxc5 Rb2 35. R1e2 a3 36. c6 Rh6 37. h3 hxg3 38. fxg3 Nd6 39. c7 Kh7 40. g4 Rf6 41. Nf5 Nc8 42. Re8 Nb6 43. Kf3 Rc6 44. R8e7 Rxc3+ 45. Kf2 Nd5 46. Rxg7+ Kh8 47. Rd7 Nxc7 48. h4 Ne6 49. g5 Nf4 50. Red2 Nd3+ 51. Kg3 Rxd2 52. g6 Ne5+ 53. Kf4 Rxd7 54. Kxe5 Rc2 55. h5 Rg2 56. Kf6 Ra7 57. Nd6 Ra6 58. Ke7 Rxd6 59. Kxd6 Rg5 0-1

[Event "Titled Tuesday intern op 07th Dec"]
[Site "Chess.com INT"]
[Date "2021.12.07"]
[Round "9"]
[White "Krutko, Anatoly"]
[Black "Nozdrachev, Leonid"]
[Result "1-0"]
[WhiteElo "2397"]
[BlackElo "2370"]
[PlyCount "57"]
[EventDate "2021.12.07"]
[EventType "swiss (blitz)"]
[EventRounds "11"]
[EventCountry "USA"]
[SourceTitle "CBM 205 Extra"]
[Source "ChessBase"]
[SourceDate "2022.01.31"]
[SourceVersion "1"]
[SourceVersionDate "2022.01.31"]
[SourceQuality "1"]

1. e4 d6 2. d4 Nf6 3. Nc3 e5 4. Nf3 Nbd7 5. Bc4 Be7 6. Ng5 0-0 7. Bxf7+ Rxf7 8. Ne6 Qe8 9. Nxc7 Qd8 10. Nxa8 b6 11. dxe5 Nxe5 12. Nd5 Nxe4 13. 0-0 Bh4 14. f3 Ba6 15. Nac7 Bxf1 16. Kxf1 Qd7 17. Bf4 Rxf4 18. Nxf4 Qxc7 19. Qd5+ Kh8 20. Qxe4 Bf6 21. Rd1 Qc8 22. Nd5 Bg5 23. f4 Qg4 24. Ne3 Qh4 25. Qa8+ Bd8 26. g3 Qf6 27. Qe4 h6 28. Kg2 Nf7 29. Nd5 1-0

[Event "Titled Tuesday intern op 07th Dec"]
[Site "Chess.com INT"]
[Date "2021.12.07"]
[Round "1"]
[White "Krutko, Anatoly"]
[Black "Svane, Frederik"]
[Result "0-1"]
[WhiteElo "2397"]
[BlackElo "2493"]
[PlyCount "44"]
[EventDate "2021.12.07"]
[EventType "swiss (blitz)"]
[EventRounds "11"]
[EventCountry "USA"]
[SourceTitle "CBM 205 Extra"]
[Source "ChessBase"]
[SourceDate "2022.01.31"]
[SourceVersion "1"]
[SourceVersionDate "2022.01.31"]
[SourceQuality "1"]

1. e4 c5 2. Nf3 e6 3. d3 Nc6 4. g3 d5 5. Nbd2 Nf6 6. Bg2 Be7 7. 0-0 0-0 8. Re1 b5 9. e5 Nd7 10. Nf1 b4 11. h4 a5 12. Bf4 Ba6 13. N1h2 Qc7 14. h5 h6 15. Ng4 Rfc8 16. Qc1 Nd4 17. Bxh6 Nxf3+ 18. Bxf3 gxh6 19. Qxh6 Qd8 20. Be4 dxe4 21. Rxe4 Bg5 22. Nf6+ Qxf6 0-1

[Event "Titled Tuesday intern op 07th Dec"]
[Site "Chess.com INT"]
[Date "2021.12.07"]
[Round "6"]
[White "Krutko, Anatoly"]
[Black "Zarubitski, Viachaslau"]
[Result "1-0"]
[WhiteElo "2397"]
[BlackElo "2413"]
[PlyCount "89"]
[EventDate "2021.12.07"]
[EventType "swiss (blitz)"]
[EventRounds "11"]
[EventCountry "USA"]
[SourceTitle "CBM 205 Extra"]
[Source "ChessBase"]
[SourceDate "2022.01.31"]
[SourceVersion "1"]
[SourceVersionDate "2022.01.31"]
[SourceQuality "1"]

1. c4 Nf6 2. Nc3 e5 3. Nf3 Nc6 4. e4 Bb4 5. d3 0-0 6. g3 d6 7. Bg2 Nd4 8. h3 c6 9. 0-0 Nxf3+ 10. Qxf3 h6 11. Bd2 Re8 12. a3 Ba5 13. b4 Bc7 14. Rad1 Be6 15. Kh2 a6 16. a4 a5 17. b5 Nd7 18. Be3 Bb6 19. Bc1 Bc5 20. Qe2 Nb6 21. Qc2 Qc7 22. f4 f6 23. Ne2 Bf7 24. g4 d5 25. g5 dxc4 26. gxh6 cxd3 27. Rxd3 Bd6 28. f5 cxb5 29. Qd1 Nc4 30. Rg3 Bf8 31. hxg7 Bc5 32. Nc3 Rad8 33. Qg4 Nd2 34. Bxd2 Rxd2 35. Qh4 Bc4 36. Nd5 Bxd5 37. exd5 Qxg7 38. Rxg7+ Kxg7 39. Qh5 Rg8 40. Qg6+ Kf8 41. Qxf6+ Ke8 42. Qe6+ Kf8 43. Qf6+ Ke8 44. Qg6+ Rxg6 45. fxg6 1-0